Beijing, China's ancient and modern capital / (رقم التسجيلة. 107358)

تفاصيل مارك
000 -LEADER
fixed length control field 009470am a2200289 004500
003 - CONTROL NUMBER IDENTIFIER
control field EG-GiCUC
008 - FIXED-LENGTH DATA ELEMENTS--GENERAL INFORMATION
fixed length control field 830125s1982 cc af 000 0 eng
010 ## - LIBRARY OF CONGRESS CONTROL NUMBER
LC control number 83109243
040 ## - CATALOGING SOURCE
Original cataloging agency DLC
Transcribing agency DLC
Modifying agency DLC
043 ## - GEOGRAPHIC AREA CODE
Geographic area code a-cc-pe
050 00 - LIBRARY OF CONGRESS CALL NUMBER
Classification number DS795.A4
Item number L58 1982
092 04 - LOCALLY ASSIGNED DEWEY CALL NUMBER (OCLC)
Classification number 915.11560458219
Item number L7834
Edition number 21
099 ## - LOCAL FREE-TEXT CALL NUMBER (OCLC)
Classification number 04
-- 915.11560458219 L7834
100 1# - MAIN ENTRY--PERSONAL NAME
Personal name Liu, Junwen.
245 10 - TITLE STATEMENT
Title Beijing, China's ancient and modern capital /
Statement of responsibility, etc. Liu Junwen.
250 ## - EDITION STATEMENT
Edition statement 1st ed.
260 ## - PUBLICATION, DISTRIBUTION, ETC.
Place of publication, distribution, etc. Beijing, China :
Name of publisher, distributor, etc. Foreign Languages Press :
-- Distributed by China Publications Centre,
Date of publication, distribution, etc. 1982.
300 ## - PHYSICAL DESCRIPTION
Extent iii, 254 p., [61] p. of plates :
Other physical details ill. (some col.) ;
Dimensions 20 cm.
500 ## - GENERAL NOTE
General note Colophon title romanized: Pei-ching.
651 #0 - SUBJECT ADDED ENTRY--GEOGRAPHIC NAME
Geographic name Beijing (China)
General subdivision Guidebooks.
740 0# - ADDED ENTRY--UNCONTROLLED RELATED/ANALYTICAL TITLE
Uncontrolled related/analytical title Pei-ching.
902 ## - LOCAL DATA ELEMENT B, LDB (RLIN)
No. of Items 1
905 ## - LOCAL DATA ELEMENT E, LDE (RLIN)
Cataloger Reda
Reviser Rev
905 ## - LOCAL DATA ELEMENT E, LDE (RLIN)
Cataloger Sarah
Reviser cat
942 ## - ADDED ENTRY ELEMENTS (KOHA)
Source of classification or shelving scheme Dewey Decimal Classification
Koha item type Books
المقتنيات
Source of classification or shelving scheme Not for loan Home library Current library Date acquired Full call number Barcode Date last seen Copy number Koha item type
Dewey Decimal Classification   المكتبة المركزبة الجديدة - جامعة القاهرة قاعة المكتبات المهداة - الدور الرابع 11.02.2024 915.11560458219 L7834 M.K 01000114001822000 23.06.2024 C.1 Books
Cairo University Libraries Portal Implemented & Customized by: Eng. M. Mohamady Contacts: new-lib@cl.cu.edu.eg | cnul@cl.cu.edu.eg
CUCL logo CNUL logo
© All rights reserved — Cairo University Libraries
CUCL logo
Implemented & Customized by: Eng. M. Mohamady Contact: new-lib@cl.cu.edu.eg © All rights reserved — New Central Library
CNUL logo
Implemented & Customized by: Eng. M. Mohamady Contact: cnul@cl.cu.edu.eg © All rights reserved — Cairo National University Library